000 00858nam a22002297a 4500
003 NALT
005 20251125232940.0
008 s2533 th tha d
040 _aNALT
041 _atha
050 _aDS578.32 ถ331ฝ 2533
100 0 _aพอใจ ชัยเวฬุ
245 1 0 _aฝันที่เป็นไปได้...ของดร.ถาวร พรประภา
260 3 _aกรุงเทพฯ :
_bสยามกลการ,
_c2533
300 _a96 หน้า :
_b ภาพประกอบ ;
_c 21 ซม.
650 0 4 _aโยชิอากิ, ซึซึมิ
650 0 4 _aถาวร พรประภา, 2549
850 _aNALT
856 4 0 _uhttps://hdl.handle.net/20.500.14156/386585
942 _cGB
_2lcc
999 _c41173
_d41173
998 _j109
_k อารีรัตน์ วิชาช่าง